| 000 | 00352nam a22001457a 4500 | ||
|---|---|---|---|
| 008 | 260310b |||||||| |||| 00| 0 eng d | ||
| 020 | _a9789382219262 | ||
| 040 | _a03 | ||
| 082 | _a614.44 PAR | ||
| 100 | _aK PARK | ||
| 245 | _aTEXTBOOK OF PREVENTIVE AND SOCIAL MEDICINE | ||
| 260 |
_aMEERUT _bBHANOT _cR LAL. MEERUT |
||
| 300 | _a1060 | ||
| 942 | _c01 | ||
| 999 |
_c67137 _d67137 |
||